The Sustainable Forestry Handbook. (Record no. 3837)

MARC details
000 -LEADER
fixed length control field 00624nam a22002177a 4500
003 - CONTROL NUMBER IDENTIFIER
control field OSt
005 - DATE AND TIME OF LATEST TRANSACTION
control field 20210323160502.0
008 - FIXED-LENGTH DATA ELEMENTS--GENERAL INFORMATION
fixed length control field 160502b xxu||||| |||| 00| 0 eng d
020 ## - INTERNATIONAL STANDARD BOOK NUMBER
International Standard Book Number 1853835994.
040 ## - CATALOGING SOURCE
Transcribing agency DDC.
082 ## - DEWEY DECIMAL CLASSIFICATION NUMBER
Classification number 634.92 SUS 1999.
100 ## - MAIN ENTRY--PERSONAL NAME
Personal name Higman, Sophie; [et......al]
9 (RLIN) 8412
245 ## - TITLE STATEMENT
Title The Sustainable Forestry Handbook.
260 ## - PUBLICATION, DISTRIBUTION, ETC. (IMPRINT)
Place of publication, distribution, etc. London.
Name of publisher, distributor, etc. Earthscarn Publications Ltd,
Date of publication, distribution, etc. 1999.
300 ## - PHYSICAL DESCRIPTION
Extent xiii,289p;
Other physical details ill;
Dimensions 25cm.
504 ## - BIBLIOGRAPHY, ETC. NOTE
Bibliography, etc Appendices,Glossary and index are included,
650 ## - SUBJECT ADDED ENTRY--TOPICAL TERM
Topical term or geographic name as entry element Forestry.
9 (RLIN) 8413
650 ## - SUBJECT ADDED ENTRY--TOPICAL TERM
Topical term or geographic name as entry element Agriculture
9 (RLIN) 4591
650 ## - SUBJECT ADDED ENTRY--TOPICAL TERM
Topical term or geographic name as entry element Conservation
9 (RLIN) 5920
942 ## - ADDED ENTRY ELEMENTS (KOHA)
Source of classification or shelving scheme Dewey Decimal Classification
Koha item type Short Loan
Holdings
Withdrawn status Lost status Source of classification or shelving scheme Damaged status Not for loan Home library Current library Date acquired Source of acquisition Inventory number Total Checkouts Full call number Barcode Date last seen Koha item type
    Dewey Decimal Classification     MUST Main Library MUST Main Library 02/05/2016 Donation 06/26040   634.92 SUS 1999. 2016-1528 02/05/2016 Short Loan
    Dewey Decimal Classification     MUST Main Library MUST Main Library 02/05/2016 Donation 06/26039   634.92 SUS 1999. 2016-1529 02/05/2016 Short Loan
    Dewey Decimal Classification     MUST Main Library MUST Main Library 23/03/2021 Donation 06/26041   634.92 SUS 1999. 2021-0309 23/03/2021 Open Shelf